[Event "Ragusa Province-ch"]
[Site "Modica"]
[Date "2010.01.31"]
[Round "4"]
[White "Arangio, Roberto"]
[Black "Battaglia, Giuseppe"]
[Result "1/2-1/2"]
[WhiteElo "1431"]
[BlackElo "1566"]
[PlyCount "33"]
[EventDate "2010.01.30"]
[EventType "swiss"]
[EventRounds "8"]
[EventCountry "ITA"]
[SourceTitle "EXT 2024"]
[Source "ChessBase"]
[SourceDate "2023.10.10"]
[SourceVersion "1"]
[SourceVersionDate "2023.10.10"]
[SourceQuality "1"]

1. f4 d5 2. Nf3 Nf6 3. e3 e6 4. Be2 Bd6 5. 0-0 Nbd7 6. b3 e5 7. fxe5 Nxe5 8. Bb2 Nxf3+ 9. Bxf3 c6 10. Qe2 0-0 11. d3 Qc7 12. g3 Bh3 13. Rf2 Bxg3 14. hxg3 Qxg3+ 15. Rg2 Bxg2 16. Qxg2 Qxg2+ 17. Kxg2 1/2-1/2